[Event "Campionato Regionale Marche"]
[Site "?"]
[Date "2024.06.02"]
[Round "5"]
[White "Giampieri, Stefano"]
[Black "Marchetti, Michael"]
[Result "1-0"]
[WhiteElo "1943"]
[BlackElo "1918"]
[PlyCount "67"]
[EventDate "2024.??.??"]
[SourceVersionDate "2024.06.03"]

1. e4 c5 2. Nf3 d6 3. d4 cxd4 4. Nxd4 Nf6 5. Nc3 g6 6. Be3 Bg7 7. f3 Nc6 8. Qd2 h5 9. O-O-O Bd7 10. Kb1 Rc8 11. h3 a6 12. Be2 h4 13. Rhe1 b5 14. Nxc6 Rxc6 15. Nd5 Be6 16. Bd4 Bxd5 17. exd5 Rc8 18. f4 Kf8 19. f5 gxf5 20. Qg5 Qc7 21. Qxf5 Rh6 22. Rf1 Qd7 23. Bxf6 Qxf5 24. Bxg7+ Kxg7 25. Rxf5 Rg6 26. Bg4 Rc4 27. Rdf1 f6 28. Re1 Kf8 29. Rh5 Rd4 30. Rh8+ Kg7 31. Re8 Rxd5 32. R1xe7+ Kh6 33. Rh8+ Kg5 34. Rh5+ 1-0